La misión integral en el Antiguo Testamento (Registro nro. 52464)
[ vista simple ]
| 000 -LÍDER | |
|---|---|
| Campo fijo de descripción fija | 00945aab a2200193 i 4500 |
| 001 - NÚMERO DE CONTROL | |
| Campo de control | 768714001 |
| 003 - IDENTIFICADOR DEL NÚMERO DE CONTROL | |
| Campo de control | CO-MdFUSB |
| 005 - FECHA Y HORA DE LA ULTIMA TRANSACCIÓN | |
| control field | 20240314163756.0 |
| 008 - ELEMENTOS DE LONGITUD FIJA -- INFORMACIÓN GENERAL | |
| Campo fijo de descripción fija -- Información general | 240314t2000 ck a|||| |||| 00| 0 spa d |
| 040 ## - FUENTE DE CATALOGACIÓN | |
| Idioma de catalogación | spa |
| Agencia que realiza la transcripción | CO-MdFUSB |
| 041 ## - CÓDIGO DE IDIOMA | |
| Código de idioma para texto/pista de sonido o título separado | spa |
| 100 1# - ASIENTO PRINCIPAL--NOMBRE PERSONAL | |
| Nombre personal | Breneman, Mervin (1930-) |
| Término relacionador | autor |
| 245 13 - TÍTULO | |
| Título | La misión integral en el Antiguo Testamento |
| Mención de responsabilidad | / Mervin Breneman |
| 300 ## - DESCRIPCIÓN FÍSICA | |
| Extensión | Volumen 19, número 4 (noviembre - diciembre, 2000), páginas: 38 - 39 |
| Dimensiones | ; 27 cm |
| 520 ## - NOTA DE RESUMEN, ETC. | |
| Nota de sumario, etc. | La gran comisión de Jesús pone la prioridad en restaurar a todos la relación correcta con su Creador. El Antiguo Testamento nos ayuda a ver las varias dimensiones que Dios incluye en esta restauración: Lo espiritual, lo material, lo personal y lo social, lo privado y lo público. |
| 653 ## - TÉRMINO DE INDIZACIÓN - NO CONTROLADO | |
| Término no controlado | Misión integral |
| 773 0# - ASIENTO DE ITEM FUENTE | |
| Título | Iglesia y Misión |
| Biblionumber | 49402 |
| Itemnumber | 59627 |
| Parte(s) relacionada(s) / Volumen., número. (mes año), páginas | Volumen 19, número 4 (noviembre - diciembre, 2000), páginas: 38 - 39 |
| Enumeración y primera página | páginas: 38 |
| 942 ## - TIPO DE MATERIAL (KOHA) | |
| Tipo de Item KOHA | Artículos de Revista |
No hay ítems disponibles.
